Regulating Public Procurement (Record no. 15696)
[ view plain ]
| 000 -LEADER | |
|---|---|
| fixed length control field | 00602nam a22001817a 4500 |
| 008 - FIXED-LENGTH DATA ELEMENTS--GENERAL INFORMATION | |
| fixed length control field | 160217b xxu||||| |||| 00| 0 eng d |
| 020 ## - INTERNATIONAL STANDARD BOOK NUMBER | |
| International Standard Book Number | 9041106367 |
| 040 ## - CATALOGING SOURCE | |
| Original cataloging agency | KABU |
| Transcribing agency | KABU |
| 100 ## - MAIN ENTRY--PERSONAL NAME | |
| Personal name | Arrowsmith, Sue |
| 245 ## - TITLE STATEMENT | |
| Title | Regulating Public Procurement |
| Remainder of title | National and International Perspectives |
| Statement of responsibility, etc. | Sue Arrowsmith |
| 260 ## - PUBLICATION, DISTRIBUTION, ETC. (IMPRINT) | |
| Place of publication, distribution, etc. | London |
| Name of publisher, distributor, etc. | Kluwer Law International |
| Date of publication, distribution, etc. | 2000 |
| 300 ## - PHYSICAL DESCRIPTION | |
| Extent | xxxii, 856p. |
| 650 ## - SUBJECT ADDED ENTRY--TOPICAL TERM | |
| Topical term or geographic name as entry element | Government Purchasing |
| Form subdivision | Law and Legislation |
| 650 ## - SUBJECT ADDED ENTRY--TOPICAL TERM | |
| Topical term or geographic name as entry element | Foreign Trade Regulations |
| 700 ## - ADDED ENTRY--PERSONAL NAME | |
| Personal name | John Linarelli |
| 700 ## - ADDED ENTRY--PERSONAL NAME | |
| Personal name | Don Wallace Jr. |
| 942 ## - ADDED ENTRY ELEMENTS (KOHA) | |
| Source of classification or shelving scheme | Library of Congress Classification |
| Koha item type | General Collection |
| Classification part | K884 |
| Call number prefix | .A97 2000 |
| Withdrawn status | Lost status | Source of classification or shelving scheme | Not for loan | Home library | Current library | Shelving location | Date acquired | Cost, normal purchase price | Total Checkouts | Total Renewals | Full call number | Barcode | Date last seen | Date last checked out | Copy number | Price effective from | Koha item type |
|---|---|---|---|---|---|---|---|---|---|---|---|---|---|---|---|---|---|
| Library of Congress Classification | Kabarak, Main Campus | Kabarak, Main Campus | General Stacks | 17/02/2016 | 55.00 | 5 | 1 | K884 .A97 2000 C.1 | 021305 | 16/09/2022 | 22/03/2022 | c.1 | 17/02/2016 | General Collection | |||
| Library of Congress Classification | Kabarak, Main Campus | Kabarak, Main Campus | General Stacks | 18/02/2016 | 55250.00 | 3 | K884 .A97 2000 C.2 | 021303 | 18/01/2021 | 18/10/2018 | c.2 | 18/02/2016 | General Collection | ||||
| Library of Congress Classification | Kabarak, Main Campus | Kabarak, Main Campus | General Stacks | 18/02/2016 | 55250.00 | 9 | 1 | K884 .A97 2000 C.3 | 021302 | 10/02/2026 | 15/01/2026 | C.3 | 18/02/2016 | General Collection | |||
| Library of Congress Classification | Kabarak, Main Campus | Kabarak, Main Campus | General Stacks | 18/02/2016 | 55250.00 | 3 | K884 .A97 2000 C.5 | 021301 | 18/01/2021 | 13/01/2021 | C.5 | 18/02/2016 | General Collection | ||||
| Library of Congress Classification | Kabarak, Main Campus | Kabarak, Nakuru City Campus | General Stacks | 18/02/2016 | 55250.00 | 9 | K884 .A97 2000 C.4 | 021300 | 29/09/2023 | 21/09/2023 | c.4 | 18/02/2016 | General Collection |